| 000 | 01344nam a2200301 i 4500 | ||
|---|---|---|---|
| 001 | 183989 | ||
| 003 | ES-MaACL | ||
| 005 | 20231112145439.0 | ||
| 008 | 150127s2002 sp abo |||| ||spa d | ||
| 020 | _a84-920047-5-4 | ||
| 080 | _a342.53(460.18)"11/12"(063) | ||
| 080 | _a94(460.18)"1157/88"(063) | ||
| 080 | _a94(460.18)"1188/1230"(063) | ||
| 111 | 2 |
_aJornadas de Estudios Históricos ( _d2002. _cBenavente) _9156231 |
|
| 245 | 1 | 3 |
_aEl Reino de León en la época de las cortes de Benavente / _cJornadas de Estudios Históricos, Benavente, 7, 8, 9, 10, 15, 16 y 17 de mayo de 2002. |
| 260 |
_aBenavente : _bCentro de Estudios Benaventanos "Ledo del Pozo", _c2002. |
||
| 300 |
_a248 p. : _bil., fot., mapas ; _c24 cm. |
||
| 490 | 1 |
_aActas y congresos ; _v2 |
|
| 504 | _aReferencias bibliográficas. | ||
| 610 | 1 | 7 |
_aLeón (Reino). _bCortes- _vHistoria- _vCongresos y asambleas. _9156232 |
| 651 | 7 |
_aLeón (Reino)- _xHistoria- _vCongresos y asambleas. _9156190 |
|
| 710 | 2 |
_aCentro de Estudios Benaventanos "Ledo del Pozo" _9144530 |
|
| 830 | 0 |
_aActas y congresos ; _v2 _9188073 |
|
| 852 |
_aES-MaACL _jA-13339 _9190954 _bR.150336 _cDEPO1 _dOlim: N-6339 _hDonación: Centro de Estudios Benaventanos |
||
| 914 |
_9144530 _aCentro de Estudios Benaventanos "Ledo del Pozo" _ednr |
||
| 942 |
_2udc _cMONOGRAFIA |
||
| 999 |
_c183989 _d183989 |
||